Leopardi, altre tracce /

Bibliographic Details
Other Authors: Piscopo, Ugo, 1934-
Format: Book
Language:Italian
Published: Napoli : A. Guida, 1999.
Series:Ateneo (Naples, Italy) ; 22.
Subjects:

MARC

Tag First Indicator Second Indicator Subfields
LEADER 00000cam a2200000Ia 4500
001 in00001538521
005 20151022052625.0
008 000502s1999 it b 000 0 ita d
020 |a 8871882083 
035 |a (OCoLC)42798833 
040 |a C3L  |c C3L  |d CGU  |d TXA  |d UtOrBLW 
043 |a e-it--- 
045 |a v0w1  |a w1w9 
049 |a TXAM 
082 1 4 |a 851 
090 |a PQ4710  |b .L28 1999 
245 0 0 |a Leopardi, altre tracce /  |c a cura di Ugo Piscopo. 
264 1 |a Napoli :  |b A. Guida,  |c 1999. 
300 |a 142 pages ;  |c 21 cm. 
336 |a text  |b txt  |2 rdacontent 
337 |a unmediated  |b n  |2 rdamedia 
338 |a volume  |b nc  |2 rdacarrier 
490 1 |a Ateneo ;  |v 22 
500 |a Collected essays on Giacomo Leopardi (1798-1837). 
504 |a Includes bibliographical references. 
600 1 0 |a Leopardi, Giacomo,  |d 1798-1837. 
700 1 |a Piscopo, Ugo,  |d 1934- 
830 0 |a Ateneo (Naples, Italy) ;  |v 22. 
938 |a Casalini Libri  |b CASA  |n 99431858  |c L18500 
994 |a E0  |b TXA 
948 |a cataloged  |b h  |c 2000/5/2  |d c  |e bwalker  |f 7:31:09 am 
999 |a MARS 
999 f f |s 5b3140fb-e4b4-3443-b4a9-c88fe22bd0eb  |i ab84f5fd-05f9-38e7-a747-129a7f191a17  |t 0 
952 f f |p ric  |a Texas A&M University  |b Rellis Campus  |c Joint Library Facility  |d Remote Storage  |t 0  |e PQ4710 .L28 1999  |h Library of Congress classification  |i unmediated -- volume  |m A14825802076 
998 f f |a PQ4710 .L28 1999  |t 0  |l Remote Storage